[Event "8th Southwest Class"]
[Site "Forth Worth, TX"]
[Date "2017.02.18"]
[Round "5.8"]
[White "IM Nakar, Eylon"]
[Black "FM Hilby, Craig"]
[Result "1/2-1/2"]
[WhiteElo "2478"]
[BlackElo "2333"]
[PlyCount "117"]
[EventDate "2017.02.??"]
[EventType "swiss"]
[EventRounds "9"]
[EventCountry "USA"]

1. e4 e5 2. Nf3 Nc6 3. Bb5 a6 4. Ba4 d6 5. c4 Bg4 6. Nc3 Nf6 7. h3 Bxf3 8. Qxf3
Be7 9. d3 O-O 10. Bxc6 bxc6 11. Be3 Rb8 12. b3 d5 13. Bd2 Bb4 14. Rd1 d4 15.
Na4 Qd6 16. O-O Bxd2 17. c5 Qe7 18. Rxd2 Nd7 19. Rc2 Rb5 20. Rfc1 Rfb8 21. Qe2
Rb4 22. Qd2 a5 23. Nb2 R8b5 24. Na4 Rb8 25. Rb2 R4b5 26. Qc2 Qe6 27. Qd2 Qe7
28. Qc2 Qe6 29. Kh1 Kf8 30. Qd2 Qe7 31. Rbc2 Rb4 32. Rf1 R8b5 33. Qc1 f6 34.
Kg1 Kg8 35. Kh2 Qe6 36. Re1 Qe7 37. g3 h5 38. f4 g6 39. Rf1 Rb8 40. Qd1 Qf7 41.
Rcf2 Rf8 42. Kg2 Rb5 43. Rc2 Re8 44. Qf3 exf4 45. gxf4 f5 46. e5 Qe6 47. Rc4
Qd5 48. Kh2 Nf8 49. Qg3 Kf7 50. Rg1 Re6 51. Qf2 Rb4 52. Rc2 Rb5 53. Qg3 Nd7 54.
Rgg2 Nf8 55. Rc4 Re8 56. Rg1 Re6 57. Rc2 Nd7 58. Rgc1 Kf8 59. Rg1 1/2-1/2

[Event "8th Southwest Class"]
[Site "Forth Worth, TX"]
[Date "2017.02.18"]
[Round "5.9"]
[White "GM Kadric, Denis"]
[Black "IM Javakhadze"]
[Result "1-0"]
[WhiteElo "2547"]
[BlackElo "2469"]
[PlyCount "105"]
[EventDate "2017.02.??"]
[EventType "swiss"]
[EventRounds "9"]
[EventCountry "USA"]

1. e4 c5 2. Nf3 d6 3. d4 Nf6 4. Nc3 cxd4 5. Nxd4 g6 6. Be3 Bg7 7. f3 a6 8. Qd2
Nbd7 9. Be2 b5 10. a4 b4 11. Na2 a5 12. c3 bxc3 13. Nxc3 Bb7 14. O-O O-O 15.
Nb3 Ne5 16. Rfd1 Nc6 17. Rac1 Bc8 18. Nb5 Bd7 19. Bf1 Qb8 20. Rc3 Rc8 21. Rdc1
Ne8 22. R3c2 Be6 23. N3d4 Nxd4 24. Nxd4 Rxc2 25. Qxc2 Bd7 26. Nb5 Qb7 27. Qd2
Be6 28. Bc4 Bxc4 29. Rxc4 e6 30. b3 d5 31. exd5 exd5 32. Rc5 d4 33. Bxd4 Rd8
34. Rc4 Qe7 35. Kf1 Nd6 36. Bb6 Nxc4 37. Qxd8+ Qxd8 38. Bxd8 Nd2+ 39. Ke2 Nxb3
40. Bb6 Bf8 41. Kd3 Nc5+ 42. Bxc5 Bxc5 43. Nd4 Kg7 44. Kc4 Bd6 45. h3 Kf6 46.
Kb5 Ke5 47. Nc6+ Kf4 48. Nxa5 Kg3 49. Nc4 Bb8 50. a5 Kxg2 51. a6 Ba7 52. Kc6
Kxh3 53. Kb7 1-0

[Event "8th Southwest Class"]
[Site "Forth Worth, TX"]
[Date "2017.02.18"]
[Round "5.10"]
[White "FM Tagzadeh, Rayan"]
[Black "GM Raznikov, Dani"]
[Result "1-0"]
[WhiteElo "2327"]
[BlackElo "2514"]
[PlyCount "109"]
[EventDate "2017.02.??"]
[EventType "swiss"]
[EventRounds "9"]
[EventCountry "USA"]

1. e4 e5 2. Nf3 Nc6 3. Bc4 Bc5 4. O-O Nf6 5. Re1 d6 6. c3 O-O 7. d3 a6 8. Bb3
Ba7 9. h3 Ne7 10. Nbd2 Ng6 11. Nf1 Nh5 12. Bg5 Qe8 13. Be3 Be6 14. Bxe6 fxe6
15. g3 Bxe3 16. Rxe3 Nf6 17. d4 exd4 18. cxd4 Qd7 19. Qe2 d5 20. e5 Ne4 21.
N1d2 Nxd2 22. Nxd2 Ne7 23. Rc3 a5 24. Rac1 Rfc8 25. Nb3 b6 26. Qc2 c6 27. Nd2
Rc7 28. a3 Qe8 29. Kg2 h6 30. Qd1 Qc8 31. Nf3 c5 32. dxc5 bxc5 33. Qc2 c4 34.
b3 cxb3 35. Qxb3 Rxc3 36. Rxc3 Qd7 37. Qb6 Rc8 38. Rxc8+ Qxc8 39. Qxa5 Qc2 40.
Qd2 Qe4 41. Qb4 Qxb4 42. axb4 Nc6 43. b5 Na5 44. Nd4 Kf7 45. b6 Ke7 46. f4 g6
47. g4 Nb7 48. Kf3 Nc5 49. f5 Nd7 50. Nc6+ Kf7 51. fxg6+ Kxg6 52. b7 h5 53.
b8=Q hxg4+ 54. hxg4 Nxb8 55. Nxb8 1-0

[Event "8th Southwest Class"]
[Site "Forth Worth, TX"]
[Date "2017.02.18"]
[Round "5.11"]
[White "IM Chandra, Akshat"]
[Black "Viswanadha, Kesav"]
[Result "1-0"]
[WhiteElo "2512"]
[BlackElo "2372"]
[PlyCount "61"]
[EventDate "2017.02.??"]
[EventType "swiss"]
[EventRounds "9"]
[EventCountry "USA"]

1. d4 Nf6 2. Nf3 e6 3. Bf4 b6 4. e3 Bb7 5. Bd3 Be7 6. h3 O-O 7. O-O c5 8. c3 d5
9. Nbd2 Nbd7 10. Qe2 Ne4 11. Rfd1 Nxd2 12. Nxd2 Nf6 13. dxc5 bxc5 14. e4 Bc6
15. exd5 exd5 16. Nf3 Nd7 17. Bb5 Bxb5 18. Qxb5 Nf6 19. Be5 Qb6 20. Qxb6 axb6
21. Bxf6 Bxf6 22. Rxd5 Ra5 23. Nd2 Rfa8 24. a3 Rb5 25. Nc4 Rb3 26. Ra2 Ra4 27.
Nd2 Rb5 28. b4 g6 29. Nb1 Kg7 30. Rc2 Be7 31. c4 1-0

[Event "8th Southwest Class"]
[Site "Forth Worth, TX"]
[Date "2017.02.18"]
[Round "5.12"]
[White "IM Drozdowski, Kacper"]
[Black "Hong, Andrew"]
[Result "1-0"]
[WhiteElo "2496"]
[BlackElo "2387"]
[PlyCount "187"]
[EventDate "2017.02.??"]
[EventType "swiss"]
[EventRounds "9"]
[EventCountry "USA"]

1. b3 d5 2. Bb2 Bg4 3. Nf3 Bxf3 4. gxf3 e6 5. e3 Nf6 6. Rg1 Nbd7 7. f4 g6 8.
Nc3 c6 9. Qf3 Bg7 10. O-O-O Qe7 11. d3 O-O-O 12. Kb1 Nh5 13. Be2 Qb4 14. a3 Qc5
15. d4 Qe7 16. Na2 Kb8 17. c4 Nhf6 18. c5 Ne4 19. Bd3 f5 20. Qe2 Rc8 21. b4 Kc7
22. f3 Nef6 23. a4 Kd8 24. b5 Ke8 25. Nb4 Kf7 26. Bc3 Nb8 27. Rc1 Nfd7 28. Qb2
Rhd8 29. Ka2 Bf8 30. a5 cxb5 31. Bxb5 Nc6 32. Nd3 Bg7 33. Rg2 Rc7 34. Rgc2 Ndb8
35. Qa3 Re8 36. Rb2 a6 37. Ba4 Rd8 38. Rcb1 Na7 39. Rb6 Nc8 40. R6b3 Nc6 41.
Qb2 Rdd7 42. Qe2 N8a7 43. Rb6 Qd8 44. Qe1 Bf6 45. R1b2 Re7 46. Qb1 Qc8 47. h4
Kg7 48. Rh2 h5 49. Ne5 Bxe5 50. fxe5 Rcd7 51. Be1 Rf7 52. Rg2 Kh7 53. Bg3 Rc7
54. Qe1 Qf8 55. Bf4 Nc8 56. Rb1 N8e7 57. Qd2 Rg7 58. Bg5 Ng8 59. Rb6 Qc8 60.
Qe1 Qd7 61. Qg3 Qf7 62. Bxc6 Rxc6 63. Rxc6 bxc6 64. Rb2 Qc7 65. Rb6 Qc8 66. Qg1
Rc7 67. Qb1 Ra7 68. Rb8 Qd7 69. Rd8 Qf7 70. Qb8 Rb7 71. Qd6 f4 72. Rf8 Qg7 73.
Rxf4 Rb5 74. Bd8 g5 75. hxg5 Qb7 76. Bb6 Qg7 77. Qxe6 Qxg5 78. Qf5+ Qxf5 79.
Rxf5 Kg6 80. Rf8 Kg7 81. Rf4 Ne7 82. e6 Ng6 83. Rf7+ Kg8 84. Rf5 h4 85. Rg5 Kh7
86. f4 Kh6 87. Bd8 Rb7 88. f5 Ne7 89. f6 h3 90. fxe7 Rxe7 91. Bxe7 h2 92. Rg4
h1=Q 93. Rh4+ Qxh4 94. Bxh4 1-0

[Event "8th Southwest Class"]
[Site "Forth Worth, TX"]
[Date "2017.02.18"]
[Round "5.13"]
[White "GM Hevia, Carlos"]
[Black "IM Ruiz, Joshua"]
[Result "1/2-1/2"]
[WhiteElo "2496"]
[BlackElo "2338"]
[PlyCount "51"]
[EventDate "2017.02.??"]
[EventType "swiss"]
[EventRounds "9"]
[EventCountry "USA"]

1. Nf3 c5 2. c4 Nc6 3. d4 cxd4 4. Nxd4 g6 5. e4 Nf6 6. Nc3 Nxd4 7. Qxd4 d6 8.
Be3 Bg7 9. f3 O-O 10. Qd2 Qa5 11. Rc1 Be6 12. b3 Rfc8 13. Be2 Nd7 14. Nd5 Qxd2+
15. Kxd2 Bxd5 16. cxd5 a6 17. b4 Kf8 18. a4 e6 19. Bc4 Ke7 20. a5 Rc7 21. dxe6
fxe6 22. Bg5+ Bf6 23. Bxf6+ Kxf6 24. Rc3 Rac8 25. Rhc1 g5 26. Bb3 1/2-1/2

[Event "8th Southwest Class"]
[Site "Forth Worth, TX"]
[Date "2017.02.18"]
[Round "5.15"]
[White "IM Rao, Prasanna"]
[Black "Ghatti, Sanjay"]
[Result "1-0"]
[WhiteElo "2477"]
[BlackElo "2254"]
[PlyCount "95"]
[EventDate "2017.02.??"]
[EventType "swiss"]
[EventRounds "9"]
[EventCountry "USA"]

1. d4 d5 2. c4 e6 3. Nf3 Nf6 4. g3 Be7 5. Bg2 O-O 6. O-O dxc4 7. Qa4 a6 8. Qxc4
b5 9. Qc2 Bb7 10. Bd2 Be4 11. Qc1 Bb7 12. Bg5 Nbd7 13. Rd1 h6 14. Bxf6 Nxf6 15.
Nbd2 Qc8 16. Nb3 Bd5 17. Ne5 Bxg2 18. Kxg2 Qb7+ 19. f3 Bd6 20. Qc6 Qb6 21. e4
Bxe5 22. Qxb6 cxb6 23. dxe5 Nh7 24. Rac1 Rfc8 25. Kf2 Kf8 26. Ke3 Ke8 27. Rd6
Rxc1 28. Nxc1 Rb8 29. Nd3 Nf8 30. Nb4 Nd7 31. Nxa6 Rc8 32. f4 Rc2 33. Rd2 Rc4
34. a3 Nc5 35. Nc7+ Ke7 36. Nxb5 Rxe4+ 37. Kf3 Ra4 38. Rd6 Nd7 39. Rc6 Ra5 40.
Nd4 Rd5 41. Ke3 g5 42. b4 gxf4+ 43. gxf4 Kf8 44. a4 Ke7 45. h3 h5 46. h4 Nf8
47. Rxb6 Ng6 48. a5 1-0

[Event "8th Southwest Class"]
[Site "Forth Worth, TX"]
[Date "2017.02.18"]
[Round "5.16"]
[White "Giannatos, Peter"]
[Black "IM Stremavicius, Titas"]
[Result "1/2-1/2"]
[WhiteElo "2284"]
[BlackElo "2468"]
[PlyCount "116"]
[EventDate "2017.02.??"]
[EventType "swiss"]
[EventRounds "9"]
[EventCountry "USA"]

1. d4 f5 2. Nf3 Nf6 3. Bf4 e6 4. e3 Be7 5. h3 Nc6 6. Nbd2 d6 7. c3 a5 8. Qc2
O-O 9. g4 Nd5 10. Bd3 Rb8 11. gxf5 Nxf4 12. exf4 exf5 13. d5 Na7 14. Nd4 Bh4
15. O-O-O Bxf2 16. N2f3 Be3+ 17. Kb1 Qf6 18. Rde1 Bxf4 19. Ne6 Bxe6 20. Rxe6
Qf7 21. Nd4 g6 22. Qg2 Be5 23. Nxf5 Kh8 24. Nh4 Bf6 25. Rf1 Qg7 26. Nxg6+ hxg6
27. Qf2 Bxc3 28. Qh4+ Qh7 29. Qxh7+ Kxh7 30. Rg1 Rf3 31. Bxg6+ Kh8 32. Bh5 Rf6
33. bxc3 Rbf8 34. Kb2 Rxe6 35. dxe6 Rf2+ 36. Kb3 Nc6 37. a4 Ne7 38. Rg3 Kh7 39.
Kc4 Kh6 40. Bf7 Rf4+ 41. Kb3 Re4 42. Rg1 b6 43. Rg3 c6 44. Rg1 c5 45. Rg2 d5
46. Rg3 Kh7 47. Rg2 Re3 48. h4 d4 49. Rc2 Nf5 50. Kc4 dxc3 51. h5 Kg7 52. Bg6
Nd4 53. Rxc3 Rxe6 54. Rg3 Kh6 55. Kd5 Re1 56. Bf7 Re7 57. Bg6 Rd7+ 58. Ke5 Nc6+
1/2-1/2

[Event "8th Southwest Class"]
[Site "Forth Worth, TX"]
[Date "2017.02.18"]
[Round "5.17"]
[White "Sturt, Raven"]
[Black "Capocyan, Sam"]
[Result "1-0"]
[WhiteElo "2431"]
[BlackElo "2190"]
[PlyCount "81"]
[EventDate "2017.02.??"]
[EventType "swiss"]
[EventRounds "9"]
[EventCountry "USA"]

1. d4 d5 2. Nf3 Nf6 3. c4 dxc4 4. e3 Bg4 5. Bxc4 e6 6. O-O a6 7. Nbd2 Nc6 8. b3
Bd6 9. Bb2 O-O 10. Be2 Qe7 11. Rc1 e5 12. Rxc6 e4 13. Rc2 exf3 14. Bxf3 Bf5 15.
Rc1 c6 16. Re1 Ba3 17. Bxa3 Qxa3 18. e4 Be6 19. e5 Nd5 20. Nc4 Qe7 21. Nd6 Rab8
22. Bxd5 Bxd5 23. Qg4 Qe6 24. Qh4 Qg6 25. Qg3 Rfd8 26. f4 Qxg3 27. hxg3 Kf8 28.
g4 Be6 29. f5 Bd5 30. Kf2 Rd7 31. Rh1 Kg8 32. Rc3 f6 33. Rh2 Rf8 34. Rch3 fxe5
35. dxe5 g6 36. Ke3 gxf5 37. gxf5 Rg7 38. g4 c5 39. Kf4 b5 40. Rd2 Bc6 41. Rc2
1-0

[Event "8th Southwest Class"]
[Site "Forth Worth, TX"]
[Date "2017.02.18"]
[Round "5.18"]
[White "FM Rozman, Levy"]
[Black "WIM Yu, Jennifer"]
[Result "0-1"]
[WhiteElo "2404"]
[BlackElo "2162"]
[PlyCount "86"]
[EventDate "2017.02.??"]
[EventType "swiss"]
[EventRounds "9"]
[EventCountry "USA"]

1. d4 d5 2. c4 c6 3. Nc3 Nf6 4. Nf3 dxc4 5. e4 b5 6. e5 Nd5 7. a4 a6 8. Ng5
Nxc3 9. bxc3 h6 10. Ne4 Qd5 11. Qe2 Bf5 12. f3 e6 13. g4 Bxe4 14. fxe4 Qd8 15.
Bg2 Nd7 16. O-O Be7 17. Bf4 Qc7 18. Kh1 O-O 19. Qe3 g5 20. Bg3 c5 21. h4 cxd4
22. cxd4 Qb6 23. a5 Qd8 24. Bh2 Kg7 25. h5 Bb4 26. d5 Bxa5 27. Rad1 Bc7 28. Qa3
Qe8 29. Qb2 Ra7 30. dxe6 fxe6 31. Rf6 Nxf6 32. exf6+ Rxf6 33. Qd4 Bb8 34. e5
Rf8 35. Qe4 Rc7 36. Bg3 Ba7 37. Kh2 Bf2 38. Bxf2 Rxf2 39. Kg3 Qf7 40. Qa8 Qf4+
41. Kh3 Rf7 42. Rd8 Qe3+ 43. Kh2 Rxg2+ 0-1

[Event "8th Southwest Class"]
[Site "Forth Worth, TX"]
[Date "2017.02.18"]
[Round "5.19"]
[White "Vaidya, Atulya"]
[Black "IM Aponte, Felix"]
[Result "0-1"]
[WhiteElo "2087"]
[BlackElo "2397"]
[PlyCount "100"]
[EventDate "2017.02.??"]
[EventType "swiss"]
[EventRounds "9"]
[EventCountry "USA"]

1. d4 Nf6 2. c4 e6 3. Nc3 d5 4. cxd5 exd5 5. Bg5 c6 6. Qc2 Bd6 7. e3 O-O 8. Bd3
h6 9. Bh4 Re8 10. Nge2 Be6 11. Bg3 Bf8 12. O-O Nbd7 13. f3 c5 14. Rad1 c4 15.
Bf5 Bxf5 16. Qxf5 Rxe3 17. Nf4 g6 18. Qc2 Nb6 19. Rfe1 Rxe1+ 20. Rxe1 Qd7 21.
Re5 Bd6 22. Re3 Re8 23. Qe2 Rxe3 24. Qxe3 Kg7 25. a3 Nc8 26. Bf2 Ne7 27. g4 g5
28. Nfe2 Ng6 29. Bg3 Bxg3 30. Nxg3 Nh4 31. Kf2 Qe6 32. Qe5 Qxe5 33. dxe5 Nd7
34. Nxd5 Nxe5 35. Ke3 Nexf3 36. Nf5+ Nxf5+ 37. Kxf3 Nd6 38. Ke3 f5 39. gxf5
Nxf5+ 40. Ke4 Kg6 41. Nc7 h5 42. Nb5 a6 43. Nc3 Nh6 44. h3 g4 45. hxg4 Nxg4 46.
Ne2 h4 47. Kd4 h3 48. Kxc4 Ne3+ 49. Kd3 Nd1 50. b4 Kf5 0-1

[Event "8th Southwest Class"]
[Site "Forth Worth, TX"]
[Date "2017.02.18"]
[Round "5.20"]
[White "IM Mulyar, Michael"]
[Black "Zaloznyy, Mike"]
[Result "1-0"]
[WhiteElo "2397"]
[BlackElo "2100"]
[PlyCount "109"]
[EventDate "2017.02.??"]
[EventType "swiss"]
[EventRounds "9"]
[EventCountry "USA"]

1. d4 Nf6 2. Nf3 e6 3. c4 c5 4. Nc3 cxd4 5. Nxd4 d5 6. Bf4 a6 7. e3 Bd6 8. Bxd6
Qxd6 9. Nb3 O-O 10. cxd5 exd5 11. Be2 Nc6 12. O-O Rd8 13. Nd4 Qe5 14. Nxc6 bxc6
15. Qd4 Re8 16. Qxe5 Rxe5 17. Rfc1 c5 18. Na4 c4 19. Nb6 Rb8 20. Nxc8 Rxc8 21.
b3 Re6 22. bxc4 Rec6 23. c5 Ne4 24. Rab1 g6 25. a4 Kg7 26. f3 Nd2 27. Rb7 Nc4
28. e4 Na5 29. Rbb1 dxe4 30. fxe4 R8c7 31. e5 Rxc5 32. Rxc5 Rxc5 33. Bxa6 Rxe5
34. Kf2 Kf6 35. Rb6+ Kg5 36. Bd3 f5 37. g3 Rc5 38. h4+ Kg4 39. Rb1 Kh5 40. Be2+
Kh6 41. Rb5 Rxb5 42. axb5 g5 43. b6 gxh4 44. gxh4 Kg6 45. Ke3 Kf6 46. Kf4 h6
47. Bf3 Ke6 48. h5 Kd6 49. Kxf5 Kc5 50. b7 Nxb7 51. Bxb7 Kd6 52. Kg6 Ke7 53.
Kxh6 Kf8 54. Kh7 Kf7 55. Bd5+ 1-0

[Event "8th Southwest Class"]
[Site "Forth Worth, TX"]
[Date "2017.02.18"]
[Round "5.21"]
[White "FM Gorti, Akshita"]
[Black "Lederere, Yoav"]
[Result "1/2-1/2"]
[WhiteElo "2169"]
[BlackElo "2317"]
[Annotator "Hater,David"]
[PlyCount "114"]
[EventDate "2017.02.??"]
[EventType "swiss"]
[EventRounds "9"]
[EventCountry "USA"]

1. d4 d5 2. c4 c6 3. Nf3 Nf6 4. e3 Bf5 5. Nc3 a6 6. Ne5 Nbd7 7. Qb3 Qc7 8. cxd5
Nxe5 9. dxe5 Nxd5 10. Nxd5 cxd5 11. Bd2 Qxe5 12. Qxb7 Rb8 13. Qxa6 Qxb2 14. Rd1
f6 15. a4 Bd7 16. Be2 e6 17. O-O Kf7 18. e4 Bc8 19. Qa5 dxe4 20. Bb5 Be7 21.
Rb1 Qa3 22. Be8+ Rxe8 23. Rxb8 Bd7 24. Rb7 Qxa4 25. Qxa4 Bxa4 26. Rc1 Kg6 27.
Rcc7 Bf8 28. Bb4 Bxb4 29. Rxb4 Rd8 30. h3 Rd7 31. Rc3 Bd1 32. Rxe4 e5 33. Kf1
Rb7 34. f3 Bb3 35. Kf2 Bd5 36. Re2 h6 37. Rd2 Be6 38. Rd6 Ba2 39. Rc5 Kf7 40.
h4 h5 41. Rdc6 Re7 42. Rc7 Rxc7 43. Rxc7+ Kg6 44. Ke3 Bb1 45. Rc1 Bf5 46. Rc7
Bb1 47. Kd2 Kh6 48. Rc6 Kg6 49. Rb6 Ba2 50. Rb7 Bc4 51. Ke3 Bf1 52. g3 Ba6 53.
Rc7 Bb5 54. Ke4 Be2 55. f4 exf4 56. gxf4 Bg4 57. Rc1 Bh3 {drawn on move 64}
1/2-1/2

[Event "8th Southwest Class"]
[Site "Forth Worth, TX"]
[Date "2017.02.18"]
[Round "5.23"]
[White "Zhang, Chao"]
[Black "Gutman, Joshua"]
[Result "1-0"]
[WhiteElo "2242"]
[BlackElo "2078"]
[PlyCount "71"]
[EventDate "2017.02.??"]
[EventType "swiss"]
[EventRounds "9"]
[EventCountry "USA"]

1. e4 c5 2. Nf3 d6 3. Nc3 Nc6 4. d4 cxd4 5. Nxd4 Nf6 6. Bg5 Qb6 7. Nb3 e6 8.
Qd2 a6 9. f4 Be7 10. O-O-O O-O 11. Be2 Rd8 12. Bf3 Qc7 13. g4 Rb8 14. h4 b5 15.
Bxf6 Bxf6 16. g5 Be7 17. h5 b4 18. Ne2 a5 19. Nbd4 Ne5 20. g6 hxg6 21. hxg6
fxg6 22. Ng3 b3 23. axb3 Nxf3 24. Nxf3 Rxb3 25. Ng5 Bxg5 26. fxg5 Rxg3 27. Qh2
Rxg5 28. Qh7+ Kf7 29. Rdf1+ Rf5 30. Rhg1 d5 31. exf5 exf5 32. Rxg6 Rg8 33. Qh5
Kf8 34. Re1 Qf7 35. Qg5 Qc7 36. Rc6 1-0

[Event "8th Southwest Class"]
[Site "Forth Worth, TX"]
[Date "2017.02.18"]
[Round "5.27"]
[White "IM Feinstein, Michael"]
[Black "Potula, Kapish"]
[Result "1/2-1/2"]
[WhiteElo "2140"]
[BlackElo "2015"]
[PlyCount "51"]
[EventDate "2017.02.??"]
[EventType "swiss"]
[EventRounds "9"]
[EventCountry "USA"]

1. d4 e6 2. c4 Nf6 3. Nc3 Bb4 4. a3 Bxc3+ 5. bxc3 O-O 6. e3 d5 7. Bd3 c5 8. Ne2
b6 9. cxd5 exd5 10. O-O Re8 11. f3 Nbd7 12. Ra2 Bb7 13. g4 Nf8 14. Ng3 Rc8 15.
Re2 Ne6 16. Qe1 Qc7 17. Bd2 Red8 18. Nf5 g6 19. Qh4 Ne8 20. Ne7+ Kg7 21. Nxc8
Rxc8 22. f4 f6 23. Rf3 Qe7 24. Rh3 Kg8 25. Qe1 Nd6 26. Bc1 1/2-1/2

[Event "8th Southwest Class"]
[Site "Forth Worth, TX"]
[Date "2017.02.18"]
[Round "5.30"]
[White "Balagi, Balaji"]
[Black "Hung, Daniel"]
[Result "1/2-1/2"]
[WhiteElo "2158"]
[BlackElo "1924"]
[PlyCount "100"]
[EventDate "2017.02.??"]
[EventType "swiss"]
[EventRounds "9"]
[EventCountry "USA"]

1. e4 e6 2. d4 d5 3. Nc3 Nf6 4. Bg5 dxe4 5. Nxe4 Be7 6. Bxf6 gxf6 7. Nf3 f5 8.
Nc3 a6 9. g3 b5 10. Bg2 Bb7 11. O-O Bf6 12. Re1 O-O 13. Ne5 Bxg2 14. Kxg2 c6
15. Nf3 Nd7 16. Ne2 Bg7 17. Nf4 Nf6 18. c3 Qd6 19. Ne5 Rac8 20. Nfd3 Nd7 21.
Nxd7 Qxd7 22. Nc5 Qd5+ 23. Qf3 a5 24. Qxd5 cxd5 25. f4 Rc6 26. Nb3 Ra8 27. a3
Bf8 28. Rac1 Kg7 29. Kf3 Bd6 30. Ke3 h5 31. Nd2 Rac8 32. Kd3 a4 33. Ke3 Rh8 34.
Nf3 Rhc8 35. Rg1 Kf6 36. Rg2 Ke7 37. Kd3 Rg8 38. Rf2 Rg4 39. b3 h4 40. Nxh4
Bxf4 41. bxa4 bxa4 42. Nxf5+ exf5 43. Re1+ Kd6 44. gxf4 Rh4 45. Ref1 Ke6 46. c4
Rh3+ 47. Rf3 Rxh2 48. Re1+ Kd6 49. cxd5 Rh4 50. Re5 Rxf4 1/2-1/2

[Event "8th Southwest Class"]
[Site "Forth Worth, TX"]
[Date "2017.02.18"]
[Round "5.31"]
[White "Mishra, Prateek"]
[Black "Metpally, Jason"]
[Result "0-1"]
[WhiteElo "1923"]
[BlackElo "2100"]
[PlyCount "120"]
[EventDate "2017.02.??"]
[EventType "swiss"]
[EventRounds "9"]
[EventCountry "USA"]

1. e4 e6 2. Nf3 d5 3. Nc3 Nf6 4. e5 Nfd7 5. d4 Be7 6. Bf4 c5 7. dxc5 Nxc5 8.
Be2 Nc6 9. O-O O-O 10. a3 f6 11. exf6 Bxf6 12. Bg3 d4 13. Na2 d3 14. cxd3 Bxb2
15. Rb1 Bxa3 16. Nc3 Bb4 17. Nb5 a6 18. Nd6 b5 19. Qc2 e5 20. Ne4 Nxe4 21. Qxc6
Nc3 22. Qxa8 Nxe2+ 23. Kh1 Nxg3+ 24. hxg3 Bc3 25. Qc6 b4 26. Qc4+ Kh8 27. Qc5
Bb7 28. Ng5 Qc8 29. Qxc8 Rxc8 30. Rfc1 Kg8 31. Ne4 Bxe4 32. dxe4 Ra8 33. Rb3 a5
34. Rcxc3 bxc3 35. Rxc3 a4 36. Ra3 g5 37. Kg1 Kf7 38. Kf1 Ke6 39. Ke2 Kd6 40.
Kd3 Kc5 41. Kc3 Ra7 42. Ra2 a3 43. f3 h5 44. Kb3 Kd4 45. Rxa3 Rxa3+ 46. Kxa3 h4
47. gxh4 gxh4 48. Kb3 Ke3 49. Kc4 Kf4 50. Kd5 Kg3 51. Kxe5 Kxg2 52. f4 h3 53.
f5 h2 54. Ke6 h1=Q 55. f6 Kg3 56. Ke7 Kf4 57. f7 Qxe4+ 58. Kf8 Qf5 59. Kg8 Qe6
60. Kh8 Qe7 0-1

[Event "8th Southwest Class"]
[Site "Forth Worth, TX"]
[Date "2017.02.18"]
[Round "5.32"]
[White "Polavaram, Rithik"]
[Black "FM Greanias, Steven"]
[Result "1/2-1/2"]
[WhiteElo "1908"]
[BlackElo "2077"]
[PlyCount "124"]
[EventDate "2017.02.??"]
[EventType "swiss"]
[EventRounds "9"]
[EventCountry "USA"]

1. d4 Nf6 2. c4 g6 3. Nc3 d5 4. cxd5 Nxd5 5. e4 Nxc3 6. bxc3 Bg7 7. Nf3 O-O 8.
Be3 b6 9. Bd3 c5 10. O-O Bb7 11. Rc1 cxd4 12. cxd4 Nd7 13. Qd2 e5 14. d5 Rc8
15. Rxc8 Qxc8 16. Rc1 Qb8 17. Bb5 Rd8 18. Qb4 Bf8 19. Qb2 f6 20. Bc6 Ba6 21.
Bb5 Bb7 22. Bc6 Bc8 23. Ne1 Ba6 24. Bb5 Bxb5 25. Qxb5 Bc5 26. Qc6 Qd6 27. Qxd6
Bxd6 28. Nd3 Kf7 29. f3 Ke7 30. Kf2 Nb8 31. f4 Kd7 32. fxe5 fxe5 33. Bh6 Rc8
34. Rxc8 Kxc8 35. Bg7 Nd7 36. Kg3 b5 37. Kg4 a5 38. Kg5 b4 39. Kh6 a4 40. Kxh7
b3 41. axb3 axb3 42. Kxg6 Bc5 43. h4 Bd4 44. h5 Nc5 45. Nb2 Bxb2 46. h6 Bd4 47.
h7 b2 48. h8=Q+ Kb7 49. Qh1 Nxe4 50. Kf7 Nc3 51. d6 Kc6 52. Ke7 b1=Q 53. Qxb1
Nxb1 54. d7 Bb6 55. Bxe5 Nd2 56. Bd4 Bc7 57. d8=Q Bxd8+ 58. Kxd8 Kd5 59. Be3
Nf1 60. Bc1 Ke4 61. g4 Nh2 62. g5 Kf5 1/2-1/2

[Event "8th Southwest Class"]
[Site "Forth Worth, TX"]
[Date "2017.02.18"]
[Round "5.34"]
[White "Premkumar, Hiren"]
[Black "Obili, Abhishek"]
[Result "0-1"]
[WhiteElo "1857"]
[BlackElo "1986"]
[Annotator ",Tom"]
[PlyCount "34"]
[EventDate "2017.02.??"]
[EventType "swiss"]
[EventRounds "9"]
[EventCountry "USA"]

1. d4 Nf6 2. Nc3 d5 3. Bf4 g6 4. Qd2 Bg7 5. O-O-O O-O 6. f3 c6 7. e4 b5 8. e5
Nfd7 9. g4 f6 10. exf6 Bxf6 11. h4 e5 12. dxe5 Nxe5 13. g5 Bg7 14. Qh2 Qe7 15.
Kb1 Bf5 16. h5 Nbd7 17. hxg6 Bxg6 {[%emt 0:00:30] remaining moves are
illegible, 0-1 move} 0-1

[Event "8th Southwest Class"]
[Site "Forth Worth, TX"]
[Date "2017.02.19"]
[Round "6.1"]
[White "GM Zherebukh, Yaroslav"]
[Black "GM Poilski, Gil"]
[Result "0-1"]
[WhiteElo "2614"]
[BlackElo "2539"]
[PlyCount "62"]
[EventDate "2017.02.??"]
[EventType "swiss"]
[EventRounds "9"]
[EventCountry "USA"]

1. Nf3 c5 2. e4 d6 3. d4 cxd4 4. Nxd4 Nf6 5. Nc3 a6 6. Nb3 g6 7. Be2 Bg7 8. g4
h6 9. Be3 Nbd7 10. Qd2 b5 11. a3 Bb7 12. f3 Rc8 13. O-O-O Ne5 14. h4 h5 15.
gxh5 Nxh5 16. Rhg1 Nc4 17. Bxc4 Rxc4 18. Ne2 Qc7 19. Kb1 Nf6 20. Na5 Ra4 21.
Nxb7 Qxb7 22. e5 Nd7 23. exd6 b4 24. b3 Rxh4 25. Rg4 Rxg4 26. fxg4 bxa3 27. Bd4
e5 28. Be3 Rxg4 29. Nc3 Rg2 30. Qd3 Qc6 31. Rc1 f5 0-1

[Event "8th Southwest Class"]
[Site "Forth Worth, TX"]
[Date "2017.02.19"]
[Round "6.2"]
[White "GM Sevian, Sam"]
[Black "IM Matsenko, Sergei"]
[Result "1/2-1/2"]
[WhiteElo "2579"]
[BlackElo "2522"]
[PlyCount "75"]
[EventDate "2017.02.??"]
[EventType "swiss"]
[EventRounds "9"]
[EventCountry "USA"]

1. e4 e6 2. d3 d5 3. Nd2 Nf6 4. Ngf3 dxe4 5. dxe4 Bc5 6. Bd3 e5 7. Nc4 Nc6 8.
c3 a5 9. Bg5 O-O 10. Qe2 h6 11. Bh4 Re8 12. Rd1 g5 13. Bc2 Qe7 14. Bg3 Nh5 15.
h4 Bg4 16. hxg5 hxg5 17. Rd5 Nxg3 18. fxg3 f6 19. Rxc5 Qxc5 20. Ne3 Be6 21. Nd5
Bxd5 22. exd5 Nd4 23. Bh7+ Kf8 24. Qe4 Nxf3+ 25. Qxf3 Ke7 26. Bg8 Rxg8 27. Rh7+
Kd8 28. Qxf6+ Kc8 29. Qe6+ Kb8 30. Qxg8+ Ka7 31. Qg6 Rf8 32. Rf7 Qg1+ 33. Kd2
Qxg2+ 34. Kc1 Qh1+ 35. Kc2 Qg2+ 36. Kc1 Rh8 37. Rh7 Rf8 38. Rf7 1/2-1/2

[Event "8th Southwest Class"]
[Site "Forth Worth, TX"]
[Date "2017.02.19"]
[Round "6.3"]
[White "IM Li, Ruifeng"]
[Black "GM Boros, Denes"]
[Result "1-0"]
[WhiteElo "2561"]
[BlackElo "2444"]
[PlyCount "97"]
[EventDate "2017.02.??"]
[EventType "swiss"]
[EventRounds "9"]
[EventCountry "USA"]

1. e4 e6 2. d4 d5 3. Nc3 dxe4 4. Nxe4 Nd7 5. Nf3 Ngf6 6. Nxf6+ Nxf6 7. c3 c5 8.
Ne5 a6 9. Bg5 Qd5 10. Bxf6 gxf6 11. Ng4 Qg5 12. h4 Qf4 13. Be2 Be7 14. g3 Qd6
15. dxc5 Qxc5 16. Qb3 f5 17. Ne3 Bd7 18. Bf3 Bc6 19. Bxc6+ Qxc6 20. O-O-O Bc5
21. Nc4 Bxf2 22. Nd6+ Ke7 23. Rhf1 Bxg3 24. Nxf7 Kxf7 25. Rxf5+ Ke7 26. Qb4+
Bd6 27. Rxd6 Qxd6 28. Qxb7+ Qd7 29. Rf7+ Kxf7 30. Qxd7+ Kf6 31. Qd6 Kf5 32.
Qd3+ Kf6 33. Qf3+ Ke7 34. Qe4 Kf6 35. Qf4+ Ke7 36. b4 Rad8 37. Qg5+ Kf7 38.
Qh5+ Kf6 39. Qf3+ Ke5 40. Kc2 Rd7 41. a4 Rhd8 42. Qe2+ Kf5 43. Qf1+ Ke4 44.
Qe2+ Kf5 45. Qxa6 Rd2+ 46. Kb3 e5 47. Qh6 e4 48. Qg5+ Ke6 49. Qf4 1-0